000 01303cam a2200169 4500500
005 20260329025625.0
041 _afre
042 _adc
100 1 0 _aSierra, Philippe
_eauthor
700 1 0 _aBenhammou, Farid
_eauthor
700 1 0 _aGérardot, Maie
_eauthor
700 1 0 _aMarchand, Guillaume
_eauthor
245 0 0 _aGéographie des animaux : De la zoogéographie à la géopolitique
260 _bArmand Colin,
_c2024.
520 _aLa géographie des animaux a longtemps été le parent pauvre de la géographie française. La géographie physique l’a délaissée aux biologistes et éthologues tandis que la géographie humaine a de moins en moins considéré la place des animaux dans les territoires humains.En géographie, un important mouvement de prise en compte des territorialités animales et de leurs intersections avec celles des sociétés humaines s’opère, avec des études de plus en plus nombreuses. Ce manuel transversal, fait le point sur les acquis et avancées récentes sur la géographie des animaux. Cet ouvrage doit également permettre de poser les jalons d’une approche synthétique et plurielle des rapports entre sociétés humaines et animaux.
856 4 1 _uhttps://shs.cairn.info/geographie-des-animaux--9782200636357?lang=fr&redirect-ssocas=7080
999 _c1939212
_d1939212